| 000 | 01628cam a22002895a 4500 | ||
|---|---|---|---|
| 001 | 115228 | ||
| 008 | 130206s2014 xxk f 000 0 eng d | ||
| 020 | _a9781783210640 | ||
| 041 | 0 | _aeng | |
| 110 | 2 |
_aRoyal Institution of Chartered Surveyors _94900 |
|
| 245 |
_aMeasured surveys of land, buildings and utilities _h[electronic resource] |
||
| 250 | _a3rd ed | ||
| 260 |
_aLondon, _bRICS, _c2014 |
||
| 300 | _a51p | ||
| 490 | 0 | _aRICS Guidance Note | |
| 520 | _aThis guidance note is designed for use by land, engineering and measured building surveyors who are acting in an advisory capacity and by survey knowledgeable clients who specify their own surveys. This 3rd edition represents a complete review of the 1997 edition and supersedes the 2nd edition. One of the primary changes from the 2nd edition is the use of survey accuracy band, which takes into consideration client requirements for scale independent metadata and digital data handling environments. This 3rd edition is effective from 8 December 2014. | ||
| 520 | _aSupersedes Surveys of land, buildings and utilities services at scales 1:500 and larger : client specification guidelines, 2nd edition, ISBN 0854065393. | ||
| 590 | _aKA | ||
| 650 | 2 | 4 | _aBUILDING SURVEYS |
| 650 | 2 | 4 | _aLAND SURVEYS |
| 650 | 2 | 4 |
_aUtilities _96272 |
| 650 | 2 | 4 | _aMAPPING AND MEASUREMENT |
| 651 | 4 | _aUnited Kingdom | |
| 690 |
_aBuilding surveying _96225 |
||
| 856 | 4 | 0 |
_uhttps://www.rics.org/profession-standards/rics-standards-and-guidance/sector-standards/land-standards/measured-surveys-of-land-buildings-and-utilities _zAvailable free on RICS.org |
| 942 |
_n0 _2ddc |
||
| 999 |
_c115228 _d115228 |
||